| 000 | 01113nam0a2200301 4500 | ||
|---|---|---|---|
| 001 | RU\NLR\bibl\20772 | ||
| 005 | 20250615014911.0 | ||
| 010 |
_a5-7805-0294-3 _930000 |
||
| 021 |
_aRU _b99-3588 _9169 |
||
| 035 | _a(NLR Aleph) 000020248 | ||
| 090 |
_a91980 _c91980 |
||
| 100 | _a19990407d1999 |||y0rusy50 ca | ||
| 101 | 0 | _arus | |
| 102 | _aRU | ||
| 105 | _a||||||||||||| | ||
| 200 | 1 |
_aПрактическая психология в тестах, или Как научиться понимать себя и других _e[Сб. _fСост. Р. Римская, С. Римский] |
|
| 210 |
_aМ. _cАСТ-ПРЕСС _d1999 |
||
| 215 |
_a394 с., [4] л. цв. ил. _cил. _d22 |
||
| 225 | 1 | _aСер. "Педагогика, психология, медицина" | |
| 320 | _aБиблиогр.: с. 394 | ||
| 606 | 0 |
_aТесты психологические _jСборники _92070802 _3RU\NLR\auth\661245541 |
|
| 686 | _aЮ9в648я43 | ||
| 702 | 1 |
_aРимская _bР. _4220 |
|
| 801 | 0 |
_aRU _bNLR _c19990407 _gPSBO |
|
| 801 | 1 |
_aRU _bNLR _c19990407 |
|
| 852 |
_aNLR _j99-5/241 |
||
| 942 | _cBOOK | ||
| 980 | _aNB | ||